Kúpa podniku alebo jeho časti v Slovenskej republike
Analýza problematiky kúpy podniku alebo jeho časti v Slovenskej republike z právneho, účtovného a daňového aspektu. Transakcia kúpy podniku ako jedna z možných kombinácií podnikov, vzťahy medzi predávajúcim a kupujúcim, prevod vecí, práv a majetkových hodnôt tvoriacich podnik v súlade s Obchodným zá...
Salvato in:
| Autore principale: | |
|---|---|
| Natura: | Capitolo di libro |
| Lingua: | slovacco |
| Soggetti: | |
| Tags: |
Nessun Tag, puoi essere il primo ad aggiungerne!!
|
MARC
| LEADER | 00000naa$a2200000$$$4500 | ||
|---|---|---|---|
| 001 | 0270933 | ||
| 005 | 20240502074243.4 | ||
| 041 | 0 | |a slo | |
| 044 | |a SK | ||
| 245 | 1 | 0 | |a Kúpa podniku alebo jeho časti v Slovenskej republike |c Martina Podmanická |
| 520 | |a Analýza problematiky kúpy podniku alebo jeho časti v Slovenskej republike z právneho, účtovného a daňového aspektu. Transakcia kúpy podniku ako jedna z možných kombinácií podnikov, vzťahy medzi predávajúcim a kupujúcim, prevod vecí, práv a majetkových hodnôt tvoriacich podnik v súlade s Obchodným zákonníkom a analýza účtovných a daňových riešení danej problematiky z hľadiska kupujúceho podnik alebo jeho časť v súlade splatnou účtovnou a daňovou legislatívou. | ||
| 610 | 2 | 0 | |a odkúpenie podniku |
| 610 | 2 | 0 | |a hodnota reálna |
| 610 | 2 | 0 | |a goodwill |
| 610 | 2 | 0 | |a právo daňové |
| 610 | 2 | 0 | |a účtovníctvo podvojné |
| 610 | 2 | 0 | |a kupujúci |
| 610 | 2 | 0 | |a zákonník obchodný |
| 610 | 2 | 0 | |a Slovensko |
| 100 | 1 | |a Podmanická, Martina, 1977- | |